<?xml version="1.0" encoding="UTF-8"?>
<record
    xmlns:xsi="http://www.w3.org/2001/XMLSchema-instance"
    xsi:schemaLocation="http://www.loc.gov/MARC21/slim http://www.loc.gov/standards/marcxml/schema/MARC21slim.xsd"
    xmlns="http://www.loc.gov/MARC21/slim">

  <leader>00820cam a2200229 a 4500</leader>
  <controlfield tag="001">000002859</controlfield>
  <controlfield tag="005">20200929150255.0</controlfield>
  <controlfield tag="008">961119s1997    pr            001 0aspa  </controlfield>
  <datafield tag="020" ind1=" " ind2=" ">
    <subfield code="a">0865814961</subfield>
  </datafield>
  <datafield tag="040" ind1=" " ind2=" ">
    <subfield code="a">DO-SdBNP</subfield>
    <subfield code="b">spa</subfield>
    <subfield code="c">BNPHU</subfield>
  </datafield>
  <datafield tag="082" ind1=" " ind2=" ">
    <subfield code="a">PR860.44</subfield>
    <subfield code="b">L864m</subfield>
  </datafield>
  <datafield tag="100" ind1="1" ind2=" ">
    <subfield code="a">L&#xF3;pez Cantos, &#xC1;ngel,</subfield>
    <subfield code="b">1935-</subfield>
    <subfield code="9">9072</subfield>
  </datafield>
  <datafield tag="245" ind1="1" ind2="0">
    <subfield code="a">Mi t&#xED;o, Miguel Enr&#xED;quez /</subfield>
    <subfield code="c">&#xC1;ngel L&#xF3;pez Cantos ; Editor, Pepe Carvajal.</subfield>
  </datafield>
  <datafield tag="260" ind1=" " ind2=" ">
    <subfield code="a">San Juan, P.R. :</subfield>
    <subfield code="b">Instituto de Cultura Puertorrique&#xF1;a,</subfield>
    <subfield code="c">1997.</subfield>
  </datafield>
  <datafield tag="300" ind1=" " ind2=" ">
    <subfield code="a">311 p. ;</subfield>
    <subfield code="c">21 cm.</subfield>
  </datafield>
  <datafield tag="650" ind1=" " ind2="4">
    <subfield code="a">Literatura puertorique&#xF1;a</subfield>
    <subfield code="9">6540</subfield>
  </datafield>
  <datafield tag="651" ind1=" " ind2="4">
    <subfield code="a">Puerto Rico</subfield>
    <subfield code="x">Historia</subfield>
    <subfield code="y">1898</subfield>
    <subfield code="9">9073</subfield>
  </datafield>
  <datafield tag="651" ind1=" " ind2="4">
    <subfield code="a">Puerto Rico</subfield>
    <subfield code="x">Vida Social Y Costumbres</subfield>
    <subfield code="9">9074</subfield>
  </datafield>
  <datafield tag="650" ind1=" " ind2="4">
    <subfield code="a">Piratas</subfield>
    <subfield code="z">Puerto Rico</subfield>
    <subfield code="x">Bibliograf&#xED;a</subfield>
    <subfield code="9">9075</subfield>
  </datafield>
  <datafield tag="600" ind1="1" ind2="0">
    <subfield code="a">ENR&#xCD;QUEZ, MIGUEL,</subfield>
    <subfield code="d">1681-1749.</subfield>
    <subfield code="9">9076</subfield>
  </datafield>
  <datafield tag="700" ind1="1" ind2=" ">
    <subfield code="a">Carvajal, Pepe,</subfield>
    <subfield code="e">ed.</subfield>
    <subfield code="9">9077</subfield>
  </datafield>
  <datafield tag="952" ind1=" " ind2=" ">
    <subfield code="0">0</subfield>
    <subfield code="1">0</subfield>
    <subfield code="5">2</subfield>
    <subfield code="7">0</subfield>
    <subfield code="8">MO</subfield>
    <subfield code="a">GR</subfield>
    <subfield code="b">GR</subfield>
    <subfield code="c">HD</subfield>
    <subfield code="d">2009-07-04</subfield>
    <subfield code="i">LF1</subfield>
    <subfield code="l">0</subfield>
    <subfield code="o">PR860.44 L864m</subfield>
    <subfield code="p">2859-10</subfield>
    <subfield code="r">2020-06-25</subfield>
    <subfield code="w">2020-06-25</subfield>
    <subfield code="y">2</subfield>
    <subfield code="Z">Pr&#xE9;stamo interno</subfield>
  </datafield>
  <datafield tag="999" ind1=" " ind2=" ">
    <subfield code="c">2693</subfield>
    <subfield code="d">2693</subfield>
  </datafield>
</record>
